<?xml version="1.0" encoding="UTF-8"?>
<marc:record xmlns:marc="http://www.loc.gov/MARC21/slim">
   <marc:leader>00000nam a2200000 a 4500</marc:leader>
   <marc:datafield ind1="1" ind2=" " tag="100">
      <marc:subfield code="a">Marras, Giorgia</marc:subfield>
      <marc:subfield code="4">aut</marc:subfield>
      <marc:subfield code="e">Verfasser/-in</marc:subfield>
   </marc:datafield>
   <marc:datafield ind1="0" ind2="0" tag="245">
      <marc:subfield code="a">Sisi</marc:subfield>
   </marc:datafield>
   <marc:datafield ind1="0" ind2="0" tag="245">
      <marc:subfield code="b">Frau, Rebellin, Kaiserin</marc:subfield>
   </marc:datafield>
   <marc:datafield ind1=" " ind2="1" tag="264">
      <marc:subfield code="b">Knesebeck</marc:subfield>
      <marc:subfield code="c">2019</marc:subfield>
   </marc:datafield>
   <marc:datafield ind1="1" ind2=" " tag="520">
      <marc:subfield code="a">Kaiserin Elisabeth von Österreich-Ungarn ist noch heute eine Kultfigur. Doch "Sisi" war mehr als die romantisierte Heldin aus den Sissi-Filmen mit Romy Schneider und zahlreichen Büchern, sie war intensiv, umstritten und für ihre Zeit mitunter skandalös. Der gebildeten und weitgereisten Frau war ihre Unabhängigkeit zutiefst wichtig, aber sie stand dabei oft mit sich selbst im Konflikt: Wie konnte sie Kaiserin sein und zugleich frei bleiben? Die junge Comic-Künstlerin Giorgia Marras porträtiert nicht nur die beliebte Kaiserin auf differenzierte Weise, sondern setzt sich auch mit der Rolle der Frau im 19. Jahrhundert auseinander - und hält dabei der heutigen Gesellschaft den Spiegel vor. Das Leben der Kaiserin ungewöhnlich umgesetzt als Graphic Novel.</marc:subfield>
   </marc:datafield>
   <marc:datafield ind1=" " ind2=" " tag="020">
      <marc:subfield code="a">9783957282781</marc:subfield>
      <marc:subfield code="9">9783957282781</marc:subfield>
   </marc:datafield>
</marc:record>
